01254cam a22003015a 4500001001300000003000900013005001700022008004100039020002500080035002400105040004700129043001200176082002700188100003800215245012100253264005200374300004400426504005200470610005500522650004100577650005600618651005400674653002500728655001700753942001200770999001700782952015300799ocn232366255EG-ScBUE20221213115259.0080616s2005 enka f b 001 0 eng d a9780521723718 (pbk.) a(OCoLC)ocn232366255 aUKMbengerdacUKMdYDXCPdBAKERdEG-ScBUE ae-it---04a726.120709376bSTA2221 aStamper, John W.,eauthor.93872614aThe architecture of Roman temples :bthe republic to the middle empire /cJohn W. Stamper, University of Notre Dame. 1aCambridge :bCambridge University Press,c2005. axv, 287 pages :billustrations ;c28 cm aIncludes bibliographical references and index. 27aTemple of Jupiter Capitolinus (Rome, Italy)2BUEsh 7aTemples, Roman zItalyzRome.2BUEsh 7aArchitecture, RomanzItalyzRomexInfluence.2BUEsh 7aRome (Italy) xBuildings, structures, etc.2BUEsh bENGARCcNovember2015 vReading book 2ddccBB c21044d21016 00102ddc40708BaccahaMAINbMAINc2NDd2015-11-11ePurchasel1m13o726.120709376 STAp000031308r2025-12-02 00:00:00s2018-02-08w2015-11-11yBB